ბათუმის შოთა რუსთაველის სახელმწიფო უნივერსიტეტის ბიბლიოთეკა

Ихтиопатология (ბიბ.ჩანაწერი № 35122)

000 -LEADER
fixed length control field 00594nam a2200229Ia 4500
001 - CONTROL NUMBER
control field 963
003 - CONTROL NUMBER IDENTIFIER
control field GE_BSU
008 - FIXED-LENGTH DATA ELEMENTS--GENERAL INFORMATION
fixed length control field 181216s||||||||xx |||||||||||||| ||und||
020 ## - INTERNATIONAL STANDARD BOOK NUMBER
International Standard Book Number 5030035966
040 ## - CATALOGING SOURCE
Transcribing agency GE_BSU
080 ## - UNIVERSAL DECIMAL CLASSIFICATION NUMBER
Universal Decimal Classification number 619(075,8):639.3.09(075.8)
100 ## - MAIN ENTRY--PERSONAL NAME
Personal name Головин Н.А. и др.
245 ## - TITLE STATEMENT
Title Ихтиопатология
245 ## - TITLE STATEMENT
Statement of responsibility, etc. Под. Ред. Головиной, Н.А; Бауера. О.Н;
260 ## - PUBLICATION, DISTRIBUTION, ETC.
Place of publication, distribution, etc. Москва
260 ## - PUBLICATION, DISTRIBUTION, ETC.
Name of publisher, distributor, etc. ,,Мир
260 ## - PUBLICATION, DISTRIBUTION, ETC.
Date of publication, distribution, etc. 2007
300 ## - PHYSICAL DESCRIPTION
Extent 448 с.
653 ## - INDEX TERM--UNCONTROLLED
Uncontrolled term Ихтиопатология
942 ## - ADDED ENTRY ELEMENTS (KOHA)
Koha item type წიგნი
ეგზემპლარები
Withdrawn status Lost status Damaged status Not for loan Date acquired Barcode Date last seen Price effective from Koha item type Public note
        2018-12-17 2460 2018-12-17 2018-12-17 წიგნი დარბაზი